Score 0/16 Timer 03:00
0 Plays Today
Hint Answer % Correct
Tim ALLENToy
98.7%
Tim ALLENSanta
95.3%
Armie HAMMERLone
94.7%
Keegan Michael KEYJust
87.4%
Armie HAMMERNetwork
86.9%
David SPADEGroove
82.4%
David SPADEBlack
72.7%
David SPADEHotel
69%
Hint Answer % Correct
David SPADEBoy
67.4%
Tim ALLENWild
65.8%
Tim ALLENQuest
64%
Keegan Michael KEYDate
64%
Keegan Michael KEYModels
50.7%
Armie HAMMEREdgar
47.2%
Keegan Michael KEYBucky
20.4%
Armie HAMMERSpring
5.3%

Today's Daily Dose

Remove Ads.
Support Sporcle.
Get the best of Sporcle when you Go Orange. This ad-free experience offers more features, more stats, and more fun while also helping to support Sporcle. Thank you for becoming a member.

You're not logged in!

Compare scores with friends on all Sporcle quizzes.
OR
Log In

Show Comments

Extras

Top Quizzes Today


Score Distribution

Your Account Isn't Verified!

In order to create a playlist on Sporcle, you need to verify the email address you used during registration. Go to your Sporcle Settings to finish the process.

Report this User

Report this user for behavior that violates our Community Guidelines.

Details: